000 00515nam a2200205 a 4500
001 BRCA_6499
005 20190320205501.0
008 260911s1908----enk#######---#000-0#eng-#
041 _aeng
044 _aenk
050 4 _aPZ3
_b.D534Ou 1908
100 1 _aDickens, Charles
_d1812-1870
_916247
245 1 0 _aOur mutual friens
_cCharles Dickens.
260 _aLondres
_bThomas Nelson
_c1908
300 _a916 p.
_c16 cm.
500 _aL29
650 1 4 _aLiteratura inglesa
_916248
902 _aGFM
942 _2lcc
_cB
999 _c6183
_d6183